| 000 | 00531nam a2200205Ia 4500 | ||
|---|---|---|---|
| 005 | 20250923145401.0 | ||
| 008 | 008 250917s9999 xx 000 0 eng d | ||
| 037 | _aTextual | ||
| 040 |
_aDSWL _beng _cDSWL |
||
| 041 |
_aeng _2eng |
||
| 084 |
_aQ2, N61 _qDSWL |
||
| 100 |
_aSen, K.M. _9834727 |
||
| 245 | 0 |
_aHinduism _c by K.M. Sen |
|
| 260 |
_aHomondsworth _bPenguin Books _c1961 |
||
| 300 | _a160 p. | ||
| 365 |
_aINR _b3 . 6 |
||
| 925 | _g3 . 6 | ||
| 942 |
_cTEXL _hQ2, N61 |
||
| 999 |
_c1450715 _d1450715 |
||